banner-ar

قيادة المحركات الكهربائية / (Record no. 67064)

MARC details
000 -الفاتح
حقل البيانات ثابتة الطول 00693nam a22001937a 4500
005 - وقت وتاريخ اخر تعامل مع التسجيلة
رقم الضبط 20240530110954.0
008 - عناصر البيانات ثابتة الطول - معلومات عامة
حقل البيانات ثابتة الطول 221204s2007 au a f b 000 0 eng d
017 ## - رقم الايداع القانونى
رقم الايداع القانونى 2006/5/1484
040 ## - مصدر الفهرسة
وكالة الفهرسة الأصلية EG-CaGPL
وكالة النسخ EG-CaGPL
082 04 - رقم تصنيف ديوى العشرى
رقم الطبعة 21
رقم التصنيف 621.46
رقم المادة ر ق
100 0# - المدخل الرئيسى - إسم شخصى
الإسم الشخصى راتب العيسى
245 10 - بيان العنوان
العنوان قيادة المحركات الكهربائية /
بيان المسئوليه,etc تاليف راتب العيسى ، زيد الحجازين
250 ## - بيان الطبعة
بيان الطبعة ط.1
260 ## - PUBLICATION, DISTRIBUTION, ETC. (IMPRINT)
تاريخ النشر أو التوزيع 2007
300 ## - الوصف المادى
التعداد 584 ص. ؛
أبعاد الوعاء 24 سم.
650 07 - المدخل الاضافى بالموضوع-مصطلح موضوعى
مصطلح موضوعي المحركات الكهربائية
942 ## - عناصر المدخل الإضافي( كوها)
مصدر التصنيف او مخطط الترفيف Dewey Decimal Classification
Koha [default] item type كتاب
260 ## - PUBLICATION, DISTRIBUTION, ETC. (IMPRINT)
-- عمان :
-- مكتبة المجتمع العربى للنشر والتوزيع،
Holdings
حالة التراجع حالة الفقد حالة تلف ليس للاعارة المكان المؤقت الموقع الحالى موقع الترفيف تاريخ الاكتساب اجمالي اﻻعارات رقم الطلب الباركود تاريخ اخر مشاهدة تاريخ تفعيل السعر نوع وعاء كوها
        مكتبة القاهرة الكبرى مكتبة القاهرة الكبرى قاعة العلوم التطبيقية_ك عربى 12/21/2022   621.46 ر ق 169089 12/21/2022 12/21/2022 كتاب

Powered By

EGPV